| 000 | 00563nam a2200205Ia 4500 | ||
|---|---|---|---|
| 008 | 160404s9999 xx 000 0 und d | ||
| 020 | _a971-08-3895-4 | ||
| 050 | _aFIL HD 37.P5 | ||
| 050 | _b.M36 2005 | ||
| 245 | _aManagement in the Philippine setting / | ||
| 245 | _cedited by Ernesto A. Franco. | ||
| 260 | _aMandaluyong: | ||
| 260 | _bNational Book Store., | ||
| 260 | _c2005 | ||
| 300 | _a380 pages : | ||
| 300 | _billustrations ; | ||
| 300 | _c22 cm. | ||
| 500 | _aIncludes bibliographical references. | ||
| 650 | _aManagement -- Philippines. | ||
| 999 |
_c293315 _d293315 |
||